Practice note MC/1: management contracts under the JCT documentation (Record no. 91716)

MARC details
000 -LEADER
fixed length control field 00603cam a2200229 4500
001 - CONTROL NUMBER
control field B1609
008 - FIXED-LENGTH DATA ELEMENTS--GENERAL INFORMATION
fixed length control field 090401t1987 xxu||||| |||| 00| 0 eng d
035 ## - SYSTEM CONTROL NUMBER
System control number (Sirsi) u45428
041 ## - LANGUAGE CODE
Language code of text/sound track or separate title eng
050 ## - LIBRARY OF CONGRESS CALL NUMBER
Classification number 692.8
110 ## - MAIN ENTRY--CORPORATE NAME
Corporate name or jurisdiction name as entry element Joint Contracts Tribunal
9 (RLIN) 3664
245 ## - TITLE STATEMENT
Title Practice note MC/1: management contracts under the JCT documentation
250 ## - EDITION STATEMENT
Edition statement 1st.
260 ## - PUBLICATION, DISTRIBUTION, ETC.
Place of publication, distribution, etc. London
Name of publisher, distributor, etc. Building Employers Confederation
Date of publication, distribution, etc. 1987
300 ## - PHYSICAL DESCRIPTION
Extent 26p. ; 30cm.
350 ## - PRICE (NR) (BK AM CF MU VM SE) [OBSOLETE]
Price 4
490 ## - SERIES STATEMENT
Series statement JCT Practice Note
Volume/sequential designation MC/1
650 ## - SUBJECT ADDED ENTRY--TOPICAL TERM
Topical term or geographic name entry element JCT
650 ## - SUBJECT ADDED ENTRY--TOPICAL TERM
Topical term or geographic name entry element MANAGEMENT CONTRACT
942 ## - ADDED ENTRY ELEMENTS (KOHA)
Suppress in OPAC 0
948 ## - LOCAL PROCESSING INFORMATION (OCLC); SERIES PART DESIGNATOR (RLIN)
c (OCLC) 04/03/1997
Holdings
Withdrawn status Lost status Source of classification or shelving scheme Damaged status Not for loan Home library Current library Shelving location Date acquired Cost, normal purchase price Total Checkouts Full call number Barcode Date last seen Copy number Cost, replacement price Price effective from Koha item type Date last checked out
    Dewey Decimal Classification     London London Boxed set 14/09/1999 4.00   JCT 1987/6 30016240 06/08/2019 1 4.00 06/08/2019 Reference material  
    Dewey Decimal Classification     London London Boxed set 19/08/2002     JCT 1987/6 30016236 06/08/2019 2   06/08/2019 Reference material  
    Dewey Decimal Classification     London London Boxed set 19/08/2002   4 JCT 1987/6 30016232 06/08/2019 3   06/08/2019 Book 24/08/2004